Kvalita služieb v kúpeľnom podniku bakalárska práca

Guardado en:
Detalles Bibliográficos
Autor principal: Kováčiková, Kristína
Autor Corporativo: Obchodná fakulta EU. Katedra služieb a cestovného ruchu - zrušené
Otros Autores: Dendiš, Ľubomír
Formato: Libro
Lenguaje:eslovaco
Publicado: Bratislava 2012
Etiquetas: Agregar Etiqueta
Sin Etiquetas, Sea el primero en etiquetar este registro!

MARC

LEADER 00000nbm a2200000 4500
001 0154473
005 20161109111846.5
041 0 |a slo 
044 |a SK 
245 1 0 |a Kvalita služieb v kúpeľnom podniku  |b bakalárska práca  |c Kristína Kováčiková ; školiteľ: Ľubomír Dendiš 
264 1 |a Bratislava  |c 2012 
300 |a 56 s. 
100 1 |a Kováčiková, Kristína 
700 1 |a Dendiš, Ľubomír 
710 2 |a Obchodná fakulta EU. Katedra služieb a cestovného ruchu - zrušené